| Tag |
First Indicator |
Second Indicator |
Subfields |
| LEADER |
00000cam a2200000 a 4500 |
| 001 |
in00000027154 |
| 005 |
20151007055916.0 |
| 008 |
870928s1988 nyu b 00110 eng |
| 010 |
|
|
|a 87028064
|
| 020 |
|
|
|a 0824084780 (alk. paper)
|
| 035 |
|
|
|a (OCoLC)16951112
|
| 035 |
|
|
|9 AAB9627AM
|
| 040 |
|
|
|a DLC
|c DLC
|d TXA
|d UtOrBLW
|
| 043 |
|
|
|a n-us---
|
| 049 |
|
|
|a TXAM
|c [A11090918]
|
| 050 |
0 |
0 |
|a Z8629.4
|b .C37 1988
|a E856
|
| 082 |
0 |
|
|a 973.924/092/4
|2 19
|
| 100 |
1 |
|
|a Casper, Dale E.
|
| 245 |
1 |
0 |
|a Richard M. Nixon :
|b a bibliographic exploration /
|c Dale E. Casper.
|
| 264 |
|
1 |
|a New York :
|b Garland Pub.,
|c 1988.
|
| 300 |
|
|
|a ix, 221 pages ;
|c 23 cm.
|
| 336 |
|
|
|a text
|b txt
|2 rdacontent
|
| 337 |
|
|
|a unmediated
|b n
|2 rdamedia
|
| 338 |
|
|
|a volume
|b nc
|2 rdacarrier
|
| 490 |
1 |
|
|a Garland reference library of social science ;
|v vol. 415
|
| 500 |
|
|
|a Includes index.
|
| 600 |
1 |
0 |
|a Nixon, Richard M.
|q (Richard Milhous),
|d 1913-1994
|x Bibliography.
|
| 651 |
|
0 |
|a United States
|x Politics and government
|y 1969-1974
|x Bibliography.
|
| 830 |
|
0 |
|a Garland reference library of social science ;
|v vol. 415.
|
| 999 |
|
|
|a MARS
|
| 999 |
f |
f |
|s cfc9b870-f66d-354a-8630-ec3646ea1def
|i 48427689-2556-3454-b246-c19e97fd06ee
|t 0
|
| 952 |
f |
f |
|p ric
|a Texas A&M University
|b Rellis Campus
|c Joint Library Facility
|d Remote Storage
|t 0
|e Z8629.4 .C37 1988
|h Library of Congress classification
|i unmediated -- volume
|m A14811090918
|
| 998 |
f |
f |
|a Z8629.4 .C37 1988
|t 0
|l Remote Storage
|